Latin nouns conjugating - Statistics

General Stats
  • This quiz has been taken 11 times
  • The average score is 38 of 50
Answer Stats
Answer % Correct
Nom mv Bella
100%
Acc mv Bella
100%
Gen ev Belli
100%
Dat mv Bellis
100%
Abl mv Bellis
100%
Dat ev Bello
100%
Abl ev Bello
100%
Gen mv Bellorum
100%
Nom ev Bellum
100%
Acc ev Bellum
100%
Gen ev Domini
100%
Nom mv Domini
100%
Dat mv Dominis
100%
Abl mv Dominis
100%
Dat ev Domino
100%
Abl ev Domino
100%
Gen mv Dominorum
100%
Acc mv Dominos
100%
Acc ev Dominum
100%
Nom ev Dominus
100%
Nom ev Rosa
100%
Abl ev Rosa
100%
Gen ev Rosae
100%
Dat ev Rosae
100%
Nom mv Rosae
100%
Acc ev Rosam
100%
Gen mv Rosarum
100%
Acc mv Rosas
100%
Dat mv Rosis
100%
Abl mv Rosis
100%
Nom ev Nomen
50%
Acc ev Nomen
50%
Nom mv Nomina
50%
Acc mv Nomina
50%
Dat mv Nominibus
50%
Abl mv Nominibus
50%
Abl ev Rege
50%
Acc ev Regem
50%
Nom mv Reges
50%
Acc mv Reges
50%
Dat ev Regi
50%
Dat mv Regibus
50%
Abl mv Regibus
50%
Gen ev Regis
50%
Nom ev Rex
50%
Abl ev Nomine
0%
Dat ev Nomini
0%
Gen ev Nominis
0%
Gen mv Nominum
0%
Gen mv Regum
0%
No matching quizzes found
Score Distribution
Percent of People with Each Score
Percentile by Number Answered
Your Score History
You have not taken this quiz